| 000 | 00557nam a2200217Ia 4500 | ||
|---|---|---|---|
| 003 | OSt | ||
| 005 | 20231016113124.0 | ||
| 008 | 210719s1996 xx 000 0 und d | ||
| 040 | _cAL | ||
| 041 | _aeng | ||
| 082 | _a332 SETM | ||
| 100 |
_aSETH (M L) _9138049 |
||
| 245 | _aMoney banking international trade and public finance. | ||
| 250 | _a14 | ||
| 260 |
_aAgra _bLakshmi Narain Agarwal _c1996 |
||
| 300 |
_a640,xv _bPB |
||
| 365 | _cRs | ||
| 650 |
_aBanking _9138050 |
||
| 906 | _aMoneyBankingInternatinal tradePublic finance | ||
| 942 |
_2ddc _cBK |
||
| 999 |
_c213313 _d213313 |
||